| 000 | 00804cab a2200229 4500 | ||
|---|---|---|---|
| 001 | WB3444-35 | ||
| 008 | 090401t1998 xxu||||| |||| 00| 0 eng d | ||
| 035 | _a(Sirsi) u89733 | ||
| 041 | _aeng | ||
| 245 | _a3D goes to town | ||
| 260 | _c1998 | ||
| 350 | _a0 | ||
| 490 |
_aIndependent _v16 November 1998, 14(1) |
||
| 520 | _aA three-dimensional computer modelling system developed in the Netherlands could help both planners and the public gain more of an idea of the impact of proposed developments before they are approved. | ||
| 650 | _a3D COMPUTER MODELLING TECHNIQUES | ||
| 650 | _aCOMPUTER MODELLING | ||
| 650 | _aTHREE-DIMENSIONAL COMPUTER MODELLING | ||
| 650 | _aTOWN PLANNING | ||
| 690 | _aMANAGEMENT-BUSINESS MANAGEMENT-INFORMATION MANAGEMENT | ||
| 942 | _n0 | ||
| 948 | _c17/11/1998 | ||
| 999 |
_c56790 _d56790 |
||